| 000 | 01017nam a2200277 i 4500 | ||
|---|---|---|---|
| 001 | bg | ||
| 003 | KOSZ 005 | ||
| 005 | 20191014102952.0 | ||
| 008 | 071206s1967 pl a f f 000 0 pol | ||
| 015 | _aPB 1967/3979 | ||
| 040 |
_aWA N _cKOSZ 005/RW _dKOSZ 005/RW |
||
| 080 | _a624 | ||
| 100 | 1 | _aGolecki, Józef. | |
| 245 | 1 | 0 |
_aPodstawy statyki konstrukcji / _cJózef Golecki. |
| 260 |
_aWarszawa : _bWydawnictwa Naukowo-Techniczne, _c1967. |
||
| 300 |
_a154, [2] s. : _bil. ; _c25 cm. |
||
| 380 | _aKsiążki. | ||
| 504 | _aBibliogr. s. [156]. | ||
| 521 | 8 | _aPodręcznik dla studentów Akademii Górniczo-Hutniczej w Krakowie i innych wyższych szkół technicznych i inżynierów. | |
| 655 | 4 | _aPodręczniki akademickie | |
| 650 | 4 | _aKonstrukcje budowlane | |
| 650 | 4 | _aStatyka budowlana | |
| 710 | 2 |
_aWydawnictwa Naukowo-Techniczne _4pbl. |
|
| 856 |
_uhttp://koha.tu.koszalin.pl/cgi-bin/koha/opac-detail.pl?biblionumber=10651 _yKatalog online BPK |
||
| 942 |
_2UKD _cKS |
||
| 999 |
_c10651 _d10651 |
||